Acuerdos humanitarios, diagnóstico en derechos humanos y DIH, agendas de paz y mecanismos de resistencia civil (Registro nro. 508044)

Detalles MARC
001 - NÚMERO DE CONTROL
campo de control 1142742
005 - FECHA Y HORA DE LA ÚLTIMA TRANSACCIÓN
campo de control 20260507114116.0
008 - DATOS DE LONGITUD FIJA--INFORMACIÓN GENERAL
campo de control de longitud fija 090514s2003 spa
020 ## - NÚMERO INTERNACIONAL ESTÁNDAR DEL LIBRO
Número Internacional Estándar del Libro 9589701965
035 ## - NÚMERO DE CONTROL DEL SISTEMA
Número de control de sistema 1142742
035 ## - NÚMERO DE CONTROL DEL SISTEMA
Número de control de sistema (OCoLC)301680145
040 ## - FUENTE DE LA CATALOGACIÓN
Centro/agencia transcriptor comduadb
041 ## - CÓDIGO DE LENGUA
Código de lengua del texto/banda sonora o título independiente spa
080 ## - NÚMERO DE LA CLASIFICACIÓN DECIMAL UNIVERSAL
Número de la Clasificación Decimal Universal H
100 10 - ENTRADA PRINCIPAL--NOMBRE DE PERSONA
Nombre de persona Villarraga Sarmiento, Álvaro
Código de función aut
Término indicativo de función/relación Autor/a
9 (RLIN) 509728
245 10 - MENCIÓN DE TÍTULO
Título Acuerdos humanitarios, diagnóstico en derechos humanos y DIH, agendas de paz y mecanismos de resistencia civil
260 ## - PUBLICACIÓN, DISTRIBUCIÓN, ETC.
Lugar de publicación, distribución, etc. Medellín :
Nombre del editor, distribuidor, etc. Instituto Popular de Capacitación,
Fecha de publicación, distribución, etc. 2003.
300 ## - DESCRIPCIÓN FÍSICA
Extensión 100 páginas
490 0# - MENCIÓN DE SERIE
Mención de serie Educacion para la Paz ;
Designación de volumen o secuencia 2
520 3# - SUMARIO, ETC.
Sumario, etc. Este texto se propone complementar el proceso de formación de líderes sociales y comunitarios, especificando a partir de los elementos tratados sobre contextos, fundamentación teórica y reconocimiento de los instrumentos internacional e internos para la defensa de los Derechos Humanos y la exigencia del Derecho Humanitario, la importancia y utilidad que reviste la incidencia en las agendas de paz, la aplicación de acuerdos humanitarios y las diversas experiencias de resistencia civil.<br/>La metodología abordada relaciona directamente los aspectos conceptuales, metodológicos y prácticos, de manera que se busca realzar las experiencias locales, regionales y nacionales; promover dinámicas autónomas de distintas iniciativas y propuestas en beneficio de la paz y de los Derechos Humanos, promovidas desde diversos sectores sociales, políticos e institucionales. En tal sentido, los ejercicios pedagógicos, las ayudas didácticas y las lecturas incluidas, pretenden reforzar tanto los aspectos teóricos como el conocimiento y estímulo a los procesos de paz y a las demandas humanitarias en curso, en los ámbitos locales, regionales y nacionales.
650 ## - PUNTO DE ACCESO ADICIONAL DE MATERIA--TÉRMINO DE MATERIA
Término de materia o nombre geográfico como elemento de entrada Acuerdos humanitarios
9 (RLIN) 72149
650 #7 - PUNTO DE ACCESO ADICIONAL DE MATERIA--TÉRMINO DE MATERIA
Término de materia o nombre geográfico como elemento de entrada Derecho internacional humanitario
Fuente del encabezamiento o término lemb
9 (RLIN) 36586
650 #7 - PUNTO DE ACCESO ADICIONAL DE MATERIA--TÉRMINO DE MATERIA
Término de materia o nombre geográfico como elemento de entrada Resistencia civil
Fuente del encabezamiento o término lemb
9 (RLIN) 1128
650 ## - PUNTO DE ACCESO ADICIONAL DE MATERIA--TÉRMINO DE MATERIA
Término de materia o nombre geográfico como elemento de entrada Antioquia (Colombia) - Agenda de paz
9 (RLIN) 139079
650 ## - PUNTO DE ACCESO ADICIONAL DE MATERIA--TÉRMINO DE MATERIA
Término de materia o nombre geográfico como elemento de entrada Derechos humanos - Antioquia (Colombia)
9 (RLIN) 159166
942 ## - ELEMENTOS DE ENTRADA AGREGADA (KOHA)
Tipo de ítem Koha Libros
Existencias
Estado de retiro Estado de pérdida Estado dañado No para préstamo Código de colección Localización permanente Ubicación/localización actual Fecha de adquisición Fuente de adquisición Número de inventario Total de préstamos Signatura topográfica completa Código de barras Fecha visto por última vez Número de copia Precio válido a partir de Tipo de ítem Koha
        Colección General Unidad Doc. Inst. Est Políticos (Bl. 14-204) Unidad Doc. Inst. Est Políticos (Bl. 14-204) 14/05/2009 Material adquirido por donación C1046691   H00443 0605046 29/04/2023 1 29/04/2023 Libros